000 00363nam a2200121Ia 4500
008 180117s9999 xx 000 0 und d
100 _aby Trixie Cruz Angeles
245 _aLove and Language
260 _c2017
300 _a8-9 pages, 2017 July 2
440 _aPhilippine Panorama
650 _aHOW INEXTRICABLY LINKED OUR WORD ARE TO OUR MEMORIES AND IDENTITIES
999 _c353642
_d353642